00956nam a2200241Ia 4500003000400000005001700004008004100021020001800062040001800080041000800098082002200106100002700128245011500155250001200270260006900282300002900351650003800380650004000418650003300458942003100491999001900522952017300541OSt20250926163918.0210716s2019 xx 000 0 und d a9789352138111 cAIMIT LIBRARY aeng a005.768 21bWILC aWike, Claus O.9240701 aFundamentals of data visualization : bprimer on making informative and compelling figres /cBy Claus O Wilke. a1st ed. aMumbai :bShroff Publications and Distributers Pvt Ltd ,c2019. axvi,370p. ;bPBc23.5 cm aFrom datato visualization9240702 aPrinciples of figure design9240703 aMiscellaneous topics9240704 2ddccBKe1stk005.768 WILC c197110d197110 00102ddc40708MCAaAIMITbAIMITeShroff Publishersg1325.00iBill no:1171; Bill dt:2020-01-03l0o005.768 WILCpMCA16625r2026-05-23 00:00:00v993.75w2021-07-16yBK